00523nam a22001937a 450000500170000001000130001702000220003003500130005203700160006504000120008108200150009310000170010824500610012526000420018627000370022830000210026565000300028665000130031620170124110157.0 aA-482035 c00.00a8185392935 aA-482035 bCen Lib/Ret aDPLbEN a070.3bCOL aCollin, P. H aDictionary of printing and publishing /cby P. H. Collin aNew DelhibUniversal Book Stallc1990 a5 Ansari RoadbNew Delhie110002 a259p. c21cm(Hb) aPublishers and publishing aPrinting